Tilastot visalle Valtiot, joissa on eniten lampaita

Klikkaa tästä pelataksesi tätä visaa!

Yleistilastot

  • Tätä visaa on pelattu 165 kertaa
  • Keskiarvotulos 7 / 14

Vastaustilastot

LampaitaValtio% Oikein
161 milKiina
90%
63,1 milIntia
85%
72,1 milAustralia
82%
27,5 milUusi-Seelanti
78%
34,8 milYhdistynyt kuningaskunta
67%
40,0 milIran
55%
30,1 milPakistan
51%
31,0 milTurkki
48%
30,1 milMongolia
46%
40,6 milSudan
24%
42,5 milNigeria
22%
28,4 milAlgeria
22%
31,8 milEtiopia
21%
30,8 milTšad
13%

Tulosjakauma

Persentiili vastausten määrän mukaan

Jokaisen tuloksen saaneiden osuus

Tuloshistoriasi

Et ole pelannut tätä visaa